000 00730nam a2200253 4500
999 _c22324
_d22324
001 769808
003 BDDh-ASL
005 20231015030122.0
008 720324s1971 ii b 001 0 eng
010 _a 71925805
040 _aDLC
_cDLC
_dDLC
_dBDDh-ASL
043 _aa-ii---
050 0 0 _aDS421
_b.J47
082 _a920.954
_bJHK
100 1 _aJha, Manoranjan,
_d1928-
245 1 0 _aKatherine Mayo and India /
260 _aNew Delhi :
_bPeople's Pub. House,
_c[1971]
300 _axii, 128 p. :
_c22 cm.
350 _aRs12.50
504 _aIncludes bibliographical references.
600 1 0 _aMayo, Katherine,
_d1868?-1940.
_tMother India.
906 _a7
_bcbc
_corignew
_d4
_encip
_f19
_gy-gencatlg
942 _2ddc
_cBK